UBT Library

Fit for Business English : (Record no. 228)

000 -LEADER
fixed length control field 00537nam a22001937a 4500
008 - FIXED-LENGTH DATA ELEMENTS--GENERAL INFORMATION
fixed length control field 131031b xxu||||| |||| 00| 0 ger d
020 ## - INTERNATIONAL STANDARD BOOK NUMBER
International Standard Book Number 3817471637
041 0# - LANGUAGE CODE
Language code of text/sound track or separate title ger
080 ## - UNIVERSAL DECIMAL CLASSIFICATION NUMBER
Universal Decimal Classification number 33
Common auxiliary subdivision (=111)(038)
100 1# - Rafti
Rafti Tilley, Robert
245 ## - TITLE STATEMENT
Title Fit for Business English :
Statement of responsibility, etc Robert Tilley
260 ## -
-- Munchen :
-- Compact Verlag ;
-- 2001.
300 ## -
-- 160 f. :
-- me il. ;
-- 19 cm.
500 ## -
-- Vorwort : f. 3
650 ## -
-- Fjalorë terminologjik
650 ## -
-- Gjuha angleze
650 ## -
-- Biznesi
942 ## - ADDED ENTRY ELEMENTS (KOHA)
Source of classification or shelving scheme
Item type Books
Holdings
Withdrawn status Lost status Source of classification or shelving scheme Damaged status Not for loan Collection code Permanent location Current location Shelving location Date acquired Total Checkouts Full call number Barcode Date last seen Koha item type
          Koleksioni i përgjithshem UBT - Prishtine UBT - Prishtine Koleksioni i përgjithshem 10/31/2013   33(=111)(038) TIL 001-000259 10/31/2013 Books
UBT Library © 2015-2024. All rights reserved University Education for Business and Technology